A Web 2.0 és a kereskedelmi bankok- "hagyományos" vs. "digitális" bankolás

Bibliographic Details
Main Author: Kőszegi Alexandra
Other Authors: Kása Dr. Richárd
Format: Thesis
Kulcsszavak:Web 2.0
kereskedelmi bankok
digitális bankolás
Online Access:http://dolgozattar.uni-bge.hu/14519

MARC

LEADER 00000nta a2200000 i 4500
001 dolg14519
005 20171218151552.0
008 171218suuuu hu om 000 hun d
040 |a BGE Dolgozattár Repozitórium  |b hun 
041 |a hu 
100 1 |a Kőszegi Alexandra 
245 1 2 |a A Web 2.0 és a kereskedelmi bankok- "hagyományos" vs. "digitális" bankolás  |c Kőszegi Alexandra  |h [elektronikus dokumentum] 
695 |a Web 2.0 
695 |a kereskedelmi bankok 
695 |a digitális bankolás 
700 1 |a Kása Dr. Richárd  |e ths 
856 4 0 |u http://dolgozattar.uni-bge.hu/14519/1/Szakdolgozat-F1O32M-%20Nyilatkozattal.pdf  |z Dokumentum-elérés 
856 4 0 |u http://dolgozattar.uni-bge.hu/14519/7/titk.k%C3%A9relem.pdf  |z Dokumentum-elérés